000 01069nam a22001817a 4500
999 _c63382
_d63382
003 Ge_BSU
005 20250926185747.0
008 250926s1971 ge ||||| |||| 00| 0 geo d
041 _ageo
080 _a657(075.8)+343.148.5(075.8) გ-96
100 _aგურგენიძე, გივი
_925892
245 _aბუხჰალტრული აღრიცხვისა და სასამართლო-საბუხჰალტრო ექსპერტიზის საფუძვლები :
_b უნივერსიტეტის იურიდიული ფაკულტეტის სტუდენტებისათვის /
_c გივი გურგენიძე.
264 _aთბილისი :
_bთბილ. უნ-ტის გამ-ბა,
_c1971.
300 _a373 გვ. ;
_b22 სმ.
653 _aსაბუღალტრო აღრიცხვა
653 _aსასამართლო-საბუღალტრო ექსპერტიზა.
942 _2udc
_cᲬᲘᲒᲜᲘ